Loading...
| Science - Chemistry | 0 | 2 | 0 | 0 | 20 | 70 | 72.00 | 1 | 2 | 8.22 | 16.00 |
| History - American | 0 | 2 | 0 | 0 | 20 | 61 | 69.00 | 0 | 2 | 9.30 | 16.00 |
| Philosophy | 0 | 2 | 0 | 1 | 20 | 117 | 121.00 | 0 | 1 | 0.00 | 4.00 |
| Fine Arts - Other | 0 | 2 | 0 | 0 | 20 | 124 | 129.00 | 0 | 1 | 0.00 | 4.00 |
| Mythology | 0 | 1 | 0 | 1 | 10 | 129 | 129.00 | 0 | 0 | 0.00 | 2.00 |
| Literature - British | 0 | 1 | 0 | 0 | 10 | 133 | 133.00 | 0 | 0 | 0.29 | 2.00 |
| History - Other | 0 | 1 | 0 | 0 | 10 | 110 | 110.00 | 0 | 1 | 0.68 | 2.00 |
| Geography | 0 | 1 | 0 | 0 | 10 | 80 | 80.00 | 0 | 1 | 12.98 | 20.00 |
| Literature - American | 0 | 1 | 1 | 0 | 5 | 97 | 97.00 | 0 | 1 | 2.81 | 6.00 |
| Science - Other | 0 | 1 | 1 | 0 | 5 | 130 | 130.00 | 0 | 0 | 0.00 | 4.00 |
| Religion | 0 | 0 | 0 | 0 | 0 | 0.00 | 0 | 0 | 0.00 | 0.00 | |
| Science - Physics | 0 | 0 | 1 | 0 | -5 | 0.00 | 0 | 0 | 0.00 | 0.00 | |
| Science - Biology | 0 | 0 | 1 | 0 | -5 | 0.00 | 0 | 0 | 0.00 | 0.00 | |
| Fine Arts - Classical Music | 0 | 0 | 1 | 0 | -5 | 0.00 | 0 | 0 | 0.00 | 0.00 |